[Event "WCO 2016"]
[Site "?"]
[Date "2016.09.13"]
[Round "11"]
[Board "19"]
[WhiteID "12100145"]
[White "Al-Khelaifi Kholoud"]
[BlackID "6600344"]
[Black "Gonzalez Yaribeth"]
[Result "0-1"]
[BlackElo "1826"]
[WhiteElo "1492"]
[LiveChessVersion "1.4.8"]

1. d4 {[%clk 1:30:57]} e6 {[%clk 1:30:48]} 2. c4 {[%clk 1:31:13]} Nf6
{[%clk 1:31:11]} 3. Nc3 {[%clk 1:31:16]} d5 {[%clk 1:30:44]} 4. cxd5
{[%clk 1:30:48]} exd5 {[%clk 1:31:03]} 5. Bg5 {[%clk 1:30:54]} Be7
{[%clk 1:31:03]} 6. e3 {[%clk 1:30:41]} O-O {[%clk 1:31:25]} 7. Bd3
{[%clk 1:30:03]} c6 {[%clk 1:28:36]} 8. Qc2 {[%clk 1:29:00]} h6 {[%clk 1:28:28]}
9. Bf4 {[%clk 1:29:11]} Nbd7 {[%clk 1:28:29]} 10. Nf3 {[%clk 1:28:43]} c5
{[%clk 1:28:53]} 11. O-O {[%clk 1:26:10]} c4 {[%clk 1:28:57]} 12. Bf5
{[%clk 1:20:11]} a6 {[%clk 1:27:32]} 13. a4 {[%clk 1:18:38]} Re8 {[%clk 1:26:30]}
14. e4 {[%clk 1:08:16]} dxe4 {[%clk 1:23:04]} 15. Nxe4 {[%clk 1:04:18]} Nf8
{[%clk 1:22:28]} 16. Nxf6+ {[%clk 0:57:17]} Bxf6 {[%clk 1:22:45]} 17. Be4
{[%clk 0:49:10]} Ne6 {[%clk 1:05:36]} 18. Bg3 {[%clk 0:37:44]} Nxd4
{[%clk 1:04:29]} 19. Qb1 {[%clk 0:24:26]} Ne2+ {[%clk 1:03:26]} 20. Kh1
{[%clk 0:23:29]} Nxg3+ {[%clk 1:02:42]} 21. fxg3 {[%clk 0:23:40]} Qb6
{[%clk 1:02:59]} 22. Qc2 {[%clk 0:22:30]} Be6 {[%clk 0:48:54]} 23. Rab1
{[%clk 0:11:10]} Rad8 {[%clk 0:46:54]} 24. Nd2 {[%clk 0:04:42]} Qb4
{[%clk 0:44:18]} 25. Nf3 {[%clk 0:02:17]} Bd7 {[%clk 0:41:59]} 26. b3
{[%clk 0:00:50]} cxb3 {[%clk 0:40:13]} 27. Rxb3 {[%clk 0:00:34]} Qxe4
{[%clk 0:40:30]} 28. Qxe4 {[%clk 0:00:42]} Rxe4 {[%clk 0:40:46]} 29. Rxb7
{[%clk 0:01:03]} Bxa4 {[%clk 0:40:17]} 30. Rc1 {[%clk 0:00:44]} Rd1+
{[%clk 0:40:02]} 31. Rxd1 {[%clk 0:01:01]} Bxd1 {[%clk 0:40:25]} 32. Ra7
{[%clk 0:00:36]} Bxf3 {[%clk 0:39:32]} 33. gxf3 {[%clk 0:00:56]} Re1+
{[%clk 0:39:45]} 34. Kg2 {[%clk 0:01:15]} Rg1+ {[%clk 0:39:53]} 35. Kh3
{[%clk 0:01:28]} Ra1 {[%clk 0:40:13]} 36. Ra8+ {[%clk 0:01:24]} Kh7
{[%clk 0:40:41]} 37. f4 {[%clk 0:01:23]} Kg6 {[%clk 0:40:29]} 38. Ra7
{[%clk 0:00:40]} h5 {[%clk 0:40:39]} 39. Rd7 {[%clk 0:00:39]} Rb1
{[%clk 0:40:16]} 40. Rd6 {[%clk 0:30:39]} a5 {[%clk 1:10:02]} 41. Ra6
{[%clk 0:30:57]} Rb5 {[%clk 1:09:37]} 42. Kg2 {[%clk 0:30:48]} Kf5
{[%clk 1:08:25]} 43. Ra7 {[%clk 0:30:33]} h4 {[%clk 1:05:10]} 44. Rxf7
{[%clk 0:27:01]} hxg3 {[%clk 1:05:28]} 45. hxg3 {[%clk 0:26:17]} Kg4
{[%clk 1:05:49]} 46. Rd7 {[%clk 0:25:53]} Rb2+ {[%clk 1:06:01]} 47. Kf1
{[%clk 0:26:10]} Rb3 {[%clk 1:05:23]} 48. Rd5 {[%clk 0:25:26]} Kf3
{[%clk 1:05:33]} 49. Ke1 {[%clk 0:25:22]} a4 {[%clk 1:05:25]} 50. Rd6
{[%clk 0:24:33]} a3 {[%clk 1:05:47]} 51. Ra6 {[%clk 0:20:42]} Rb1+
{[%clk 1:04:01]} 52. Kd2 {[%clk 0:18:38]} Rb2+ {[%clk 1:04:28]} 53. Kc1
{[%clk 0:18:03]} a2 {[%clk 1:04:32]} 0-1

[Event "WCO 2016"]
[Site "?"]
[Date "2016.09.13"]
[Round "11"]
[Board "20"]
[WhiteID "6600603"]
[White "Chung Yaleika"]
[BlackID "12100510"]
[Black "Safar Alshaymaa"]
[Result "1/2-1/2"]
[BlackElo "1603"]
[WhiteElo "1797"]
[LiveChessVersion "1.4.8"]

1. d4 {[%clk 1:30:44]} d5 {[%clk 1:30:53]} 2. Nf3 {[%clk 1:31:09]} Nf6
{[%clk 1:31:11]} 3. g3 {[%clk 1:31:25]} c5 {[%clk 1:30:21]} 4. Bg2
{[%clk 1:31:43]} Nc6 {[%clk 1:30:23]} 5. c3 {[%clk 1:31:18]} Qb6 {[%clk 1:25:54]}
6. O-O {[%clk 1:30:50]} Bf5 {[%clk 1:24:09]} 7. dxc5 {[%clk 1:29:01]} Qxc5
{[%clk 1:22:00]} 8. Nbd2 {[%clk 1:29:05]} e6 {[%clk 1:20:54]} 9. Nb3
{[%clk 1:25:14]} Qb6 {[%clk 1:19:29]} 10. Be3 {[%clk 1:25:36]} Qd8
{[%clk 1:13:11]} 11. Nfd4 {[%clk 1:25:10]} Be4 {[%clk 1:06:31]} 12. f3
{[%clk 1:24:48]} Bg6 {[%clk 1:06:38]} 13. Bf2 {[%clk 1:25:10]} Be7
{[%clk 1:05:34]} 14. Rc1 {[%clk 1:25:32]} O-O {[%clk 1:03:41]} 15. Nd2
{[%clk 1:22:29]} Qd7 {[%clk 0:55:30]} 16. f4 {[%clk 1:18:32]} Ng4
{[%clk 0:52:27]} 17. e3 {[%clk 1:14:06]} Nxf2 {[%clk 0:50:47]} 18. Rxf2
{[%clk 1:13:39]} Nxd4 {[%clk 0:49:23]} 19. exd4 {[%clk 1:13:10]} Qb5
{[%clk 0:39:03]} 20. Nf3 {[%clk 1:11:08]} Be4 {[%clk 0:37:07]} 21. Ne5
{[%clk 1:10:05]} Bxg2 {[%clk 0:34:57]} 22. Kxg2 {[%clk 1:10:09]} Bd6
{[%clk 0:33:15]} 23. Qd3 {[%clk 1:07:32]} Qxd3 {[%clk 0:29:06]} 24. Nxd3
{[%clk 1:07:51]} Rac8 {[%clk 0:28:24]} 25. Rcf1 {[%clk 1:08:11]} Rce8
{[%clk 0:14:15]} 26. Ne1 {[%clk 0:59:09]} b5 {[%clk 0:11:14]} 27. a3
{[%clk 0:59:34]} a5 {[%clk 0:10:54]} 28. Nc2 {[%clk 0:59:59]} b4 {[%clk 0:08:12]}
29. axb4 {[%clk 0:59:33]} axb4 {[%clk 0:08:35]} 30. Nxb4 {[%clk 0:59:25]} Bxb4
{[%clk 0:06:27]} 31. cxb4 {[%clk 0:59:49]} Rb8 {[%clk 0:06:43]} 32. f5
{[%clk 1:00:15]} exf5 {[%clk 0:06:02]} 33. Rxf5 {[%clk 1:00:35]} Rxb4
{[%clk 0:04:38]} 34. Rxd5 {[%clk 1:00:45]} Rxb2+ {[%clk 0:04:25]} 35. Rf2
{[%clk 0:56:16]} Rb3 {[%clk 0:03:33]} 36. Rd2 {[%clk 0:56:16]} g6
{[%clk 0:03:30]} 37. Rc5 {[%clk 0:56:32]} Rd8 {[%clk 0:03:34]} 38. d5
{[%clk 0:56:39]} Rd6 {[%clk 0:03:40]} 39. g4 {[%clk 0:51:35]} Re3
{[%clk 0:03:28]} 40. Kf2 {[%clk 1:20:26]} Rh3 {[%clk 0:32:31]} 41. Kg2
{[%clk 1:20:45]} Re3 {[%clk 0:32:48]} 42. h3 {[%clk 1:14:19]} Kg7
{[%clk 0:32:37]} 43. Rc7 {[%clk 1:14:43]} Kf8 {[%clk 0:25:34]} 44. h4
{[%clk 1:07:12]} Re5 {[%clk 0:23:48]} 45. Rf2 {[%clk 1:05:45]} Re7
{[%clk 0:23:55]} 46. Rc8+ {[%clk 1:05:20]} Re8 {[%clk 0:22:48]} 47. Rc5
{[%clk 0:54:58]} Re5 {[%clk 0:22:35]} 48. Rc7 {[%clk 0:52:14]} Re7
{[%clk 0:22:53]} 49. Rc8+ {[%clk 0:52:39]} Re8 {[%clk 0:23:10]} 50. Rxe8+
{[%clk 0:48:50]} Kxe8 {[%clk 0:23:23]} 51. Rd2 {[%clk 0:49:19]} f6
{[%clk 0:18:07]} 52. Kf3 {[%clk 0:49:34]} Kd7 {[%clk 0:15:55]} 53. Kf4
{[%clk 0:49:47]} Rb6 {[%clk 0:15:17]} 54. Rd4 {[%clk 0:47:31]} Kd6
{[%clk 0:15:19]} 55. h5 {[%clk 0:47:42]} Rb5 {[%clk 0:14:38]} 56. Ke4
{[%clk 0:47:49]} Rb7 {[%clk 0:14:27]} 57. Kf4 {[%clk 0:45:58]} Re7
{[%clk 0:14:20]} 58. Re4 {[%clk 0:45:49]} Rf7 {[%clk 0:11:33]} 59. Rd4
{[%clk 0:45:28]} Re7 {[%clk 0:11:55]} 60. Re4 {[%clk 0:44:49]} Rf7
{[%clk 0:12:00]} 1/2-1/2

[Event "WCO 2016"]
[Site "?"]
[Date "2016.09.13"]
[Round "11"]
[Board "22"]
[WhiteID "6000711"]
[White "Kannappan Sigappi"]
[BlackID "9002146"]
[Black "Rania Sbai"]
[Result "1-0"]
[BlackElo "1907"]
[WhiteElo "1864"]
[LiveChessVersion "1.4.8"]

1. e4 {[%clk 1:30:37]} e5 {[%clk 1:30:45]} 2. Nf3 {[%clk 1:31:01]} Nc6
{[%clk 1:31:01]} 3. Bb5 {[%clk 1:31:26]} a6 {[%clk 1:31:16]} 4. Bxc6
{[%clk 1:31:50]} dxc6 {[%clk 1:31:27]} 5. O-O {[%clk 1:32:14]} Bg4
{[%clk 1:31:30]} 6. h3 {[%clk 1:32:38]} h5 {[%clk 1:31:34]} 7. d3
{[%clk 1:33:03]} Qf6 {[%clk 1:31:51]} 8. Nbd2 {[%clk 1:33:19]} Ne7
{[%clk 1:31:37]} 9. Re1 {[%clk 1:33:44]} Ng6 {[%clk 1:31:06]} 10. d4
{[%clk 1:34:06]} Bxf3 {[%clk 0:58:35]} 11. Nxf3 {[%clk 1:34:41]} Qd6
{[%clk 0:57:59]} 12. dxe5 {[%clk 1:26:35]} Nxe5 {[%clk 0:57:30]} 13. Bf4
{[%clk 1:26:42]} f6 {[%clk 0:56:24]} 14. Qe2 {[%clk 1:16:33]} O-O-O
{[%clk 0:51:34]} 15. Rad1 {[%clk 1:14:53]} Nxf3+ {[%clk 0:51:59]} 16. Qxf3
{[%clk 1:15:15]} Qb4 {[%clk 0:52:17]} 17. Rxd8+ {[%clk 1:14:37]} Kxd8
{[%clk 0:52:40]} 18. Rd1+ {[%clk 1:14:47]} Kc8 {[%clk 0:52:01]} 19. Qd3
{[%clk 1:11:05]} Qe7 {[%clk 0:49:33]} 20. e5 {[%clk 1:05:03]} b5 {[%clk 0:47:55]}
21. Qf5+ {[%clk 1:04:26]} Kb7 {[%clk 0:47:18]} 22. Rd7 {[%clk 0:41:25]} Qc5
{[%clk 0:46:46]} 23. Rd8 {[%clk 0:41:40]} Qa7 {[%clk 0:45:13]} 24. Qc8+
{[%clk 0:40:15]} Kb6 {[%clk 0:45:38]} 25. Rxf8 {[%clk 0:39:03]} Rh7
{[%clk 0:44:18]} 26. b4 {[%clk 0:38:06]} 1-0

[Event "WCO 2016"]
[Site "?"]
[Date "2016.09.13"]
[Round "11"]
[Board "23"]
[WhiteID "9001727"]
[White "Mayar ElIdrissi Firdaous"]
[BlackID "6002439"]
[Black "Deng Jing Xin Crystal "]
[Result "0-1"]
[BlackElo "1625"]
[WhiteElo "1786"]
[LiveChessVersion "1.4.8"]

1. e4 {[%clk 1:30:58]} c5 {[%clk 1:30:54]} 2. Nf3 {[%clk 1:31:24]} Nc6
{[%clk 1:31:18]} 3. d4 {[%clk 1:31:38]} cxd4 {[%clk 1:31:42]} 4. Nxd4
{[%clk 1:32:02]} g6 {[%clk 1:32:07]} 5. c4 {[%clk 1:32:18]} Nf6 {[%clk 1:32:14]}
6. Nc3 {[%clk 1:32:35]} d6 {[%clk 1:32:26]} 7. Be2 {[%clk 1:32:46]} Nxd4
{[%clk 1:32:39]} 8. Qxd4 {[%clk 1:33:03]} Bg7 {[%clk 1:32:58]} 9. O-O
{[%clk 1:32:28]} O-O {[%clk 1:33:09]} 10. Qd1 {[%clk 1:32:16]} Be6
{[%clk 1:32:21]} 11. Be3 {[%clk 1:25:03]} Qa5 {[%clk 1:26:23]} 12. Bd4
{[%clk 1:17:39]} Rfc8 {[%clk 1:23:19]} 13. Nd5 {[%clk 1:12:19]} Bxd5
{[%clk 1:21:18]} 14. exd5 {[%clk 1:08:59]} Ne4 {[%clk 1:13:47]} 15. Bxg7
{[%clk 1:07:53]} Kxg7 {[%clk 1:14:08]} 16. Qd4+ {[%clk 1:07:51]} Nf6
{[%clk 1:14:11]} 17. f4 {[%clk 1:07:23]} Qc5 {[%clk 1:09:56]} 18. Rad1
{[%clk 1:07:04]} a5 {[%clk 1:08:56]} 19. g4 {[%clk 1:04:40]} Kg8 {[%clk 1:04:25]}
20. Kh1 {[%clk 1:02:25]} Qxd4 {[%clk 1:04:21]} 21. Rxd4 {[%clk 1:02:54]} Rc7
{[%clk 1:03:45]} 22. g5 {[%clk 1:03:03]} Nd7 {[%clk 1:03:44]} 23. h4
{[%clk 1:01:49]} Nb6 {[%clk 1:03:03]} 24. f5 {[%clk 1:01:23]} Rf8
{[%clk 0:57:42]} 25. f6 {[%clk 0:56:59]} exf6 {[%clk 0:49:50]} 26. Rxf6
{[%clk 0:57:13]} Re8 {[%clk 0:49:26]} 27. Bf1 {[%clk 0:56:37]} Rd7
{[%clk 0:46:07]} 28. Rd1 {[%clk 0:53:51]} Re4 {[%clk 0:44:58]} 29. Bh3
{[%clk 0:44:56]} Rxh4 {[%clk 0:42:57]} 30. Kg2 {[%clk 0:45:25]} Rd8
{[%clk 0:38:49]} 31. Re1 {[%clk 0:27:45]} Nxc4 {[%clk 0:36:51]} 32. Re7
{[%clk 0:27:53]} Ne5 {[%clk 0:36:57]} 33. Rxb7 {[%clk 0:27:44]} Rh5
{[%clk 0:36:08]} 34. Rb5 {[%clk 0:25:22]} Rxg5+ {[%clk 0:36:25]} 35. Kh2
{[%clk 0:24:51]} Nc4 {[%clk 0:32:59]} 36. Rb7 {[%clk 0:22:58]} Rf8
{[%clk 0:32:04]} 37. b3 {[%clk 0:21:56]} Ne3 {[%clk 0:32:04]} 38. Rxd6
{[%clk 0:21:15]} Rxd5 {[%clk 0:32:07]} 39. Rxd5 {[%clk 0:20:25]} Nxd5
{[%clk 0:30:45]} 40. Rb5 {[%clk 0:50:26]} Nc7 {[%clk 0:59:51]} 41. Rxa5
{[%clk 0:50:53]} f5 {[%clk 0:59:57]} 42. b4 {[%clk 0:50:20]} Rb8 {[%clk 0:58:26]}
43. a3 {[%clk 0:50:34]} f4 {[%clk 0:57:00]} 44. Kg2 {[%clk 0:50:46]} h6
{[%clk 0:56:25]} 45. Ra7 {[%clk 0:47:58]} Nb5 {[%clk 0:54:49]} 46. Be6+
{[%clk 0:48:03]} Kh8 {[%clk 0:55:05]} 47. Rf7 {[%clk 0:48:14]} g5
{[%clk 0:53:02]} 48. Bf5 {[%clk 0:46:51]} Rb6 {[%clk 0:40:38]} 49. a4
{[%clk 0:38:19]} Nd4 {[%clk 0:40:24]} 50. b5 {[%clk 0:36:12]} Kg8
{[%clk 0:39:43]} 51. a5 {[%clk 0:34:38]} Rxb5 {[%clk 0:39:10]} 52. Bg6
{[%clk 0:30:05]} Rxa5 {[%clk 0:38:58]} 53. Rh7 {[%clk 0:29:19]} Nf5
{[%clk 0:38:32]} 54. Bxf5 {[%clk 0:29:27]} Rxf5 {[%clk 0:38:55]} 55. Rxh6
{[%clk 0:29:54]} Kg7 {[%clk 0:39:12]} 56. Ra6 {[%clk 0:30:13]} g4
{[%clk 0:39:25]} 57. Kf2 {[%clk 0:30:18]} Rf6 {[%clk 0:39:41]} 58. Ra7+
{[%clk 0:30:17]} Kg6 {[%clk 0:40:04]} 59. Ra8 {[%clk 0:30:45]} Kg5
{[%clk 0:40:13]} 60. Rg8+ {[%clk 0:30:58]} Kf5 {[%clk 0:40:29]} 61. Re8
{[%clk 0:31:20]} Re6 {[%clk 0:40:34]} 62. Rf8+ {[%clk 0:31:38]} Ke4
{[%clk 0:40:57]} 63. Rf7 {[%clk 0:31:29]} Re5 {[%clk 0:40:39]} 64. Rf8
{[%clk 0:31:40]} g3+ {[%clk 0:34:51]} 65. Kg2 {[%clk 0:31:56]} Ke3
{[%clk 0:34:20]} 66. Rf7 {[%clk 0:31:55]} Re4 {[%clk 0:34:37]} 67. Rf8
{[%clk 0:32:24]} Ke2 {[%clk 0:34:57]} 68. Rf7 {[%clk 0:32:47]} Ke1
{[%clk 0:34:09]} 69. Kf3 {[%clk 0:30:50]} Rd4 {[%clk 0:33:31]} 70. Kg2
{[%clk 0:29:23]} Rd2+ {[%clk 0:33:34]} 0-1

[Event "WCO 2016"]
[Site "?"]
[Date "2016.09.13"]
[Round "11"]
[Board "24"]
[WhiteID "6002897"]
[White "Lee Lok Yi "]
[BlackID "9002375"]
[Black "Alaoui Belghiti Chaimaa"]
[Result "0-1"]
[BlackElo "1654"]
[WhiteElo "1497"]
[LiveChessVersion "1.4.8"]

1. b3 Nf6 {[%clk 1:28:36]} 2. e3 {[%clk 1:31:13]} g6 {[%clk 1:28:46]} 3. Bb2
{[%clk 1:31:35]} Bg7 {[%clk 1:29:12]} 4. Nf3 {[%clk 1:31:43]} O-O
{[%clk 1:29:28]} 5. Be2 {[%clk 1:31:47]} b6 {[%clk 1:29:20]} 6. O-O
{[%clk 1:31:52]} Bb7 {[%clk 1:29:47]} 7. d3 {[%clk 1:31:33]} c5 {[%clk 1:29:39]}
8. c4 {[%clk 1:31:00]} Qc7 {[%clk 1:29:34]} 9. h3 {[%clk 1:26:13]} Nc6 10. Nbd2
{[%clk 1:24:01]} Rad8 {[%clk 1:17:57]} 11. a3 {[%clk 1:20:18]} e6
{[%clk 1:09:35]} 12. Ng5 {[%clk 1:15:54]} d5 {[%clk 1:05:19]} 13. b4
{[%clk 1:10:23]} Qe7 {[%clk 0:57:07]} 14. Qb3 {[%clk 1:03:20]} dxc4
{[%clk 0:52:37]} 15. Nxc4 {[%clk 1:00:44]} Nd5 {[%clk 0:48:43]} 16. Bxg7
{[%clk 0:58:00]} Kxg7 {[%clk 0:48:45]} 17. Qb2+ {[%clk 0:56:07]} Kg8
{[%clk 0:48:08]} 18. Ne4 {[%clk 0:50:48]} f5 {[%clk 0:45:40]} 19. b5
{[%clk 0:44:06]} fxe4 {[%clk 0:39:55]} 20. bxc6 {[%clk 0:43:44]} exd3
{[%clk 0:38:11]} 21. Bxd3 {[%clk 0:36:23]} Bxc6 {[%clk 0:37:16]} 22. Ne5
{[%clk 0:36:13]} Qf6 {[%clk 0:33:28]} 23. Rab1 {[%clk 0:29:56]} Ba8
{[%clk 0:32:56]} 24. Be4 {[%clk 0:29:19]} Qg5 {[%clk 0:32:09]} 25. Nf3
{[%clk 0:24:37]} Qf6 {[%clk 0:28:54]} 26. Ne5 {[%clk 0:23:35]} Qg7
{[%clk 0:24:55]} 27. Qa1 {[%clk 0:21:54]} Nxe3 {[%clk 0:19:05]} 28. fxe3
{[%clk 0:19:11]} Bxe4 {[%clk 0:19:23]} 29. Rxf8+ {[%clk 0:18:08]} Rxf8
{[%clk 0:19:06]} 30. Rd1 {[%clk 0:18:19]} Qf6 {[%clk 0:17:36]} 31. Rd2
{[%clk 0:13:58]} c4 {[%clk 0:13:02]} 32. Qc3 {[%clk 0:09:58]} Bd5
{[%clk 0:11:14]} 33. Kh2 {[%clk 0:09:08]} b5 {[%clk 0:07:26]} 34. g4
{[%clk 0:07:34]} Qh4 {[%clk 0:06:24]} 35. e4 {[%clk 0:04:16]} Rf2+
{[%clk 0:05:52]} 36. Kg1 {[%clk 0:03:21]} Rxd2 {[%clk 0:04:16]} 37. Qxd2 Qg3+
{[%clk 0:04:16]} 38. Kf1 {[%clk 0:02:50]} Qxh3+ {[%clk 0:03:03]} 39. Kg1
{[%clk 0:02:55]} Qg3+ {[%clk 0:02:41]} 40. Kf1 {[%clk 0:33:03]} Qxe5
{[%clk 0:32:10]} 41. exd5 {[%clk 0:33:09]} exd5 0-1

[Event "WCO 2016"]
[Site "?"]
[Date "2016.09.13"]
[Round "11"]
[Board "21"]
[WhiteID "14100754"]
[White "Baklanova Tatiana"]
[BlackID "5600502"]
[Black "Caruana Pulpan Oana"]
[Result "1/2-1/2"]
[BlackElo "1894"]
[WhiteElo "2200"]
[LiveChessVersion "1.4.8"]

1. d4 {[%clk 1:30:58]} f5 {[%clk 1:30:57]} 2. Nc3 {[%clk 1:31:26]} Nf6
{[%clk 1:31:23]} 3. Bg5 {[%clk 1:31:53]} Nc6 {[%clk 1:29:14]} 4. d5
{[%clk 1:25:29]} Ne5 {[%clk 1:29:27]} 5. e3 {[%clk 1:25:55]} g6 {[%clk 1:25:47]}
6. h4 {[%clk 1:18:10]} Bg7 {[%clk 1:25:40]} 7. Be2 {[%clk 1:16:04]} d6
{[%clk 1:17:02]} 8. h5 {[%clk 1:08:54]} Nf7 {[%clk 1:13:57]} 9. f4
{[%clk 0:57:10]} Nxg5 {[%clk 0:54:21]} 10. fxg5 {[%clk 0:57:30]} Ne4
{[%clk 0:54:45]} 11. Nxe4 {[%clk 0:57:56]} fxe4 {[%clk 0:55:11]} 12. c3
{[%clk 0:58:13]} e6 {[%clk 0:50:47]} 13. Qa4+ {[%clk 0:44:05]} Bd7
{[%clk 0:50:49]} 14. Qxe4 {[%clk 0:44:30]} Qxg5 {[%clk 0:50:46]} 15. hxg6
{[%clk 0:40:25]} hxg6 {[%clk 0:44:01]} 16. Rxh8+ {[%clk 0:40:49]} Bxh8
{[%clk 0:44:27]} 17. Bg4 {[%clk 0:32:40]} Be5 {[%clk 0:32:50]} 18. Bxe6
{[%clk 0:21:56]} Bxe6 {[%clk 0:28:32]} 19. dxe6 {[%clk 0:22:22]} O-O-O
{[%clk 0:28:24]} 20. Nh3 {[%clk 0:18:57]} Qf6 {[%clk 0:17:01]} 21. Kd2
{[%clk 0:16:38]} Re8 {[%clk 0:16:12]} 22. Qg4 {[%clk 0:13:36]} Qxe6
{[%clk 0:16:00]} 23. Qxe6+ {[%clk 0:14:00]} Rxe6 {[%clk 0:16:27]} 24. Rf1
{[%clk 0:13:03]} Rf6 {[%clk 0:16:53]} 25. Rf3 {[%clk 0:12:39]} Kd7
{[%clk 0:16:43]} 26. b3 {[%clk 0:11:20]} c6 {[%clk 0:17:09]} 27. c4
{[%clk 0:11:41]} a6 {[%clk 0:16:59]} 28. Kd3 {[%clk 0:11:47]} b5 {[%clk 0:17:01]}
29. Ng5 {[%clk 0:09:53]} a5 {[%clk 0:08:50]} 30. Nh7 {[%clk 0:07:35]} Rxf3
{[%clk 0:08:45]} 31. gxf3 {[%clk 0:07:55]} Ke7 {[%clk 0:08:42]} 32. cxb5
{[%clk 0:07:46]} cxb5 {[%clk 0:09:08]} 33. Ke4 {[%clk 0:08:12]} a4
{[%clk 0:08:49]} 34. Kd5 {[%clk 0:08:14]} axb3 {[%clk 0:09:11]} 35. axb3
{[%clk 0:08:41]} Bc3 {[%clk 0:09:05]} 36. Ng5 {[%clk 0:08:06]} Bd2
{[%clk 0:07:46]} 37. Kd4 {[%clk 0:08:18]} b4 {[%clk 0:07:56]} 38. Ne4
{[%clk 0:08:34]} Bc1 {[%clk 0:08:13]} 39. Nf2 {[%clk 0:08:21]} Ke6
{[%clk 0:08:09]} 40. Nd3 {[%clk 0:38:22]} Bd2 {[%clk 0:38:24]} 41. e4
{[%clk 0:32:28]} g5 {[%clk 0:37:40]} 42. Kc4 {[%clk 0:32:47]} Bc3
{[%clk 0:36:05]} 1/2-1/2

[Event "WCO 2016"]
[Site "?"]
[Date "2016.09.13"]
[Round "11"]
[Board "22"]
[WhiteID "5600464"]
[White "Thornton Filipina"]
[BlackID "14122294"]
[Black "Lagutina Olga"]
[Result "1/2-1/2"]
[BlackElo "1910"]
[WhiteElo "1737"]
[LiveChessVersion "1.4.8"]

1. d4 {[%clk 1:30:54]} Nf6 {[%clk 1:30:52]} 2. c4 {[%clk 1:31:14]} e6
{[%clk 1:31:17]} 3. Nc3 {[%clk 1:31:33]} d5 {[%clk 1:31:37]} 4. e3
{[%clk 1:31:28]} c6 {[%clk 1:31:08]} 5. Nf3 {[%clk 1:31:46]} Nbd7
{[%clk 1:30:59]} 6. Be2 {[%clk 1:30:49]} Bd6 {[%clk 1:31:09]} 7. O-O
{[%clk 1:30:40]} O-O {[%clk 1:31:18]} 8. b3 {[%clk 1:30:42]} Ne4 {[%clk 1:29:47]}
9. Nxe4 {[%clk 1:28:36]} dxe4 {[%clk 1:30:09]} 10. Nd2 {[%clk 1:28:51]} f5
{[%clk 1:29:17]} 11. Bb2 {[%clk 1:24:50]} Rf6 {[%clk 1:22:13]} 12. f4
{[%clk 1:20:02]} exf3 {[%clk 1:20:30]} 13. Nxf3 {[%clk 1:20:17]} Rh6
{[%clk 1:20:22]} 14. d5 {[%clk 1:20:03]} Nf6 {[%clk 1:10:27]} 15. dxc6
{[%clk 1:13:12]} Qc7 {[%clk 1:02:52]} 16. h3 {[%clk 1:09:38]} bxc6
{[%clk 1:00:31]} 17. Qc2 {[%clk 1:04:33]} c5 {[%clk 0:52:52]} 18. Rad1
{[%clk 0:54:51]} Bb7 {[%clk 0:48:35]} 19. Bd3 {[%clk 0:45:41]} Re8
{[%clk 0:34:18]} 20. Rd2 {[%clk 0:39:52]} Bg3 {[%clk 0:23:52]} 21. Qd1
{[%clk 0:28:14]} Bc6 {[%clk 0:20:26]} 22. Bb1 {[%clk 0:25:59]} Nh5
{[%clk 0:10:55]} 23. Qe2 {[%clk 0:17:22]} Qb8 {[%clk 0:10:25]} 24. Rfd1
{[%clk 0:17:33]} Bc7 {[%clk 0:10:29]} 25. Qf2 {[%clk 0:09:14]} Ng3
{[%clk 0:10:16]} 26. Ba1 {[%clk 0:06:21]} Rf8 {[%clk 0:07:25]} 27. Rd3
{[%clk 0:06:03]} Ne4 {[%clk 0:06:57]} 28. Qb2 {[%clk 0:05:33]} Rg6
{[%clk 0:05:56]} 29. Ne5 {[%clk 0:04:23]} Bxe5 {[%clk 0:02:00]} 30. Qxe5
{[%clk 0:04:51]} Qxe5 {[%clk 0:01:46]} 31. Bxe5 {[%clk 0:04:56]} Ng5
{[%clk 0:01:57]} 32. Kh2 {[%clk 0:04:45]} Nf7 {[%clk 0:01:21]} 33. Bg3
{[%clk 0:05:02]} 1/2-1/2

[Event "WCO 2016"]
[Site "?"]
[Date "2016.09.13"]
[Round "11"]
[Board "23"]
[WhiteID "14124530"]
[White "Myronenko Natalya"]
[BlackID "5600898"]
[Black "Farrugia Jamie"]
[Result "1-0"]
[BlackElo "1617"]
[WhiteElo "1922"]
[LiveChessVersion "1.4.8"]

1. e4 {[%clk 1:30:54]} e5 {[%clk 1:30:56]} 2. Nf3 {[%clk 1:31:10]} Nc6
{[%clk 1:31:22]} 3. Bc4 {[%clk 1:31:32]} Bc5 {[%clk 1:31:46]} 4. c3
{[%clk 1:31:43]} Nf6 {[%clk 1:32:06]} 5. d3 {[%clk 1:32:08]} a6 {[%clk 1:30:06]}
6. Bb3 {[%clk 1:32:28]} d6 7. O-O {[%clk 1:32:18]} Bg4 {[%clk 1:27:21]} 8. Nbd2
{[%clk 1:32:17]} Qd7 {[%clk 1:23:35]} 9. h3 {[%clk 1:30:09]} Bh5 {[%clk 1:13:52]}
10. Re1 {[%clk 1:29:52]} O-O-O {[%clk 1:13:36]} 11. Nf1 {[%clk 1:30:08]} h6
{[%clk 1:12:25]} 12. Ng3 {[%clk 1:30:17]} d5 {[%clk 1:01:13]} 13. Nxh5
{[%clk 1:27:50]} Nxh5 {[%clk 1:01:00]} 14. exd5 {[%clk 1:25:12]} Ne7
{[%clk 0:51:43]} 15. Nxe5 {[%clk 1:23:55]} Qf5 {[%clk 0:37:45]} 16. d4
{[%clk 1:23:32]} Ba7 {[%clk 0:24:47]} 17. Bc2 {[%clk 1:23:01]} Qf6
{[%clk 0:23:16]} 18. Qxh5 {[%clk 1:23:00]} Rxd5 {[%clk 0:22:24]} 19. Qg4+
{[%clk 1:22:40]} Kd8 {[%clk 0:20:20]} 20. Bb3 {[%clk 1:22:18]} Rxe5
{[%clk 0:13:46]} 21. Rxe5 {[%clk 1:21:56]} Bb8 {[%clk 0:11:07]} 22. Bf4
{[%clk 1:21:49]} g5 {[%clk 0:04:34]} 23. Bg3 {[%clk 1:21:37]} Ke8
{[%clk 0:04:44]} 24. Qc8# {[%clk 1:20:43]} 1-0